000 00744nam a2200241 a 4500
001 SSB062986
005 20140924144301.0
008
020 _a9781259010521 (pbk.)
050 0 0 _aHF 5635
_b.W643 2014
100 1 _aWild, John J.
245 1 0 _aFinancial accounting :
_binformation for decisions /
_cJohn J. Wild [and three others].
250 _a2nd edition.
260 _aSingapore :
_bMcGraw-Hill Education Asia,
_cc2014.
300 _axxv, 605 pages :
_billustration (some color) ;
_c28 cm.
500 _aIncludes index.
521 _aAccountancy
650 0 _aAccounting.
700 _aShaw, Ken W.
700 _aChiappetta, Barbara.
700 _aKwok, Winston.
942 _2lcc
_cBK
_kFOR
999 _c275594
_d275594